Détenteurs du trophée de Meilleur joueur de Ligue 1 - Statistiques

Statistiques générales
  • Ce quiz a été pris 172 fois
  • Le résultat moyen est 13 sur 22
Statistiques - réponses
Réponse % Correct
Zlatan Ibrahimović
93%
Zlatan Ibrahimović
93%
Alexandre Lacazette
89%
Eden Hazard
87%
Eden Hazard
87%
Juninho
86%
Karim Benzema
83%
Yoann Gourcuff
75%
Pauleta
63%
Pauleta
63%
Didier Drogba
59%
Lisandro López
57%
Zinédine Zidane
50%
Florent Malouda
44%
Sonny Anderson
41%
David Ginola
39%
Michael Essien
39%
Éric Carrière
36%
Marco Simone
21%
Marcelo Gallardo
20%
Vincent Guérin
17%
Ali Benarbia
15%
Aucun quiz correspondant
Distribution des résultats
% des personnes avec chaque résultat
Percentile par nombre de réponses
Votre historique - résultats
Vous n’avez pas pris ce quiz